Quality and performance excellence (Record no. 3362)
[ view plain ]
| 000 -LEADER | |
|---|---|
| fixed length control field | nam a22 a 4500 |
| 005 - DATE AND TIME OF LATEST TRANSACTION | |
| control field | 20170522122318.0 |
| 008 - FIXED-LENGTH DATA ELEMENTS--GENERAL INFORMATION | |
| fixed length control field | 170522b20142011ohu||||| |||| 00| 0 eng d |
| 020 ## - INTERNATIONAL STANDARD BOOK NUMBER | |
| International Standard Book Number | 9781133955931 |
| 020 ## - INTERNATIONAL STANDARD BOOK NUMBER | |
| International Standard Book Number | 1133955932 |
| 040 ## - CATALOGING SOURCE | |
| Original cataloging agency | AKMAL |
| 082 ## - DEWEY DECIMAL CLASSIFICATION NUMBER | |
| Classification number | 658.4013 EVA |
| 090 ## - LOCALLY ASSIGNED LC-TYPE CALL NUMBER (OCLC); LOCAL CALL NUMBER (RLIN) | |
| Classification number (OCLC) (R) ; Classification number, CALL (RLIN) (NR) | 658.4013 |
| Local cutter number (OCLC) ; Book number/undivided call number, CALL (RLIN) | EVA |
| 100 ## - MAIN ENTRY--PERSONAL NAME | |
| Personal name | Evans, James R. |
| Dates associated with a name | 1950- |
| 9 (RLIN) | 6809 |
| 245 ## - TITLE STATEMENT | |
| Title | Quality and performance excellence |
| Remainder of title | management, organization, and strategy / |
| Statement of responsibility, etc. | James R. Evans. |
| 250 ## - EDITION STATEMENT | |
| Edition statement | 7th ed. |
| 260 ## - PUBLICATION, DISTRIBUTION, ETC. | |
| Place of publication, distribution, etc. | Mason, OH |
| Name of publisher, distributor, etc. | South-Western/Cengage Learning |
| Date of publication, distribution, etc. | c2014. |
| 300 ## - PHYSICAL DESCRIPTION | |
| Extent | xv, 479 p. |
| Other physical details | ill. |
| Dimensions | 23cm |
| 504 ## - BIBLIOGRAPHY, ETC. NOTE | |
| Bibliography, etc. note | Includes bibliographical references and index. |
| 505 ## - FORMATTED CONTENTS NOTE | |
| Formatted contents note | Introduction to quality and performance excellence -- Frameworks for quality and performance excellence -- Tools and techniques for quality design and control -- Tools and techniques for quality improvement -- Competitive advantage and strategic management for performance excellence -- Quality in customer-supplier relationships -- Designing organizations for performance excellence -- Quality teamwork -- Engagement, empowerment, and motivation -- Leadership for performance excellence -- Performance excellence and organizational change. |
| 650 ## - SUBJECT ADDED ENTRY--TOPICAL TERM | |
| Topical term or geographic name entry element | Total quality management. |
| 9 (RLIN) | 541 |
| 942 ## - ADDED ENTRY ELEMENTS (KOHA) | |
| Source of classification or shelving scheme | |
| Koha item type | Book |
| Withdrawn status | Lost status | Source of classification or shelving scheme | Damaged status | Not for loan | Collection code | Home library | Current library | Shelving location | Date acquired | Inventory number | Total Checkouts | Full call number | Barcode | Date last seen | Price effective from | Koha item type |
|---|---|---|---|---|---|---|---|---|---|---|---|---|---|---|---|---|
| NON-FICTION | AKMAL Melaka | AKMAL Melaka | PINJAMAN | 22.05.2017 | 602682 | 658.4013 EVA | 201704271 | 22.05.2017 | 22.05.2017 | Book |
